| 000 | 01111nam a2200217Ia 4500 | ||
|---|---|---|---|
| 003 | Ost | ||
| 005 | 20260507075646.0 | ||
| 008 | 260507s9999||||xx |||||||||||||| ||und|| | ||
| 040 | _cfsecg | ||
| 041 | _aara | ||
| 082 | _a341.75 | ||
| 100 |
_aدويدار، محمد _eمؤلف |
||
| 245 | 0 |
_aالإقتصاد الرأسمالي الدولي في أزمته / _c محمد دويدار |
|
| 260 |
_aالإسكندرية: _b[دون ناشر], _c1981 |
||
| 300 |
_a260 صفحة؛ _bإيضاحات ؛ _c24 سم |
||
| 520 | _aأزمة الطاقة وأزمة النظام النقدي الدولي وأزمة الإقتصاد الرأسمالي الدولي- الوضع الإقتصادي الرأسمالي الدولي في 1979-1980- الأزمة الهيكلية للإقتصاد الرأسمالي الدولي- العلاقات الإقتصادية العربية تشير الى زيادة إدماج الإقتصاديات العربية في إقتصاد الأزمة. | ||
| 653 | _aالإقتصاد | ||
| 653 | _aالإقتصاد الدولي | ||
| 653 | _aالرأسمالية | ||
| 942 | _cكتاب | ||
| 999 |
_c45499 _d45499 |
||